LEADER 01013nam0 22002891i 450 001 RML0265959 005 20231121125722.0 010 $a0471612235 100 $a20121121d1989 ||||0itac50 ba 101 | $aeng 102 $aus 181 1$6z01$ai $bxxxe 182 1$6z01$an 200 1 $aChemical instrumentation$ea systematic approach$fHoward A. Strobel, William R. Heineman 205 $a3. ed 210 $aNew York $cWiley $dc1989 215 $axxiv, 1210 p.$cill.$d25 cm. 700 1$aStrobel$b, Howard A.$3RMLV170917$020862 701 1$aHeineman$b, William R.$3RMLV170916$0440237 801 3$aIT$bIT-01$c20121121 850 $aIT-FR0099 899 $aBiblioteca Area Ingegneristica$bFR0099 912 $aRML0265959 950 0$aBiblioteca Area Ingegneristica$d 54DII 543 STR$e 54VM 0000363365 VM barcode:BAIN001982. - Inventario:938DVM$fA $h20031114$i20121204 977 $a 54 996 $aChemical instrumentation$93624663 997 $aUNICAS LEADER 02152nam0 22004093i 450 001 NAP0427218 005 20251003044251.0 010 $a9788820740924 100 $a20161206d2008 ||||0itac50 ba 101 | $aita 102 $ait 181 1$6z01$ai $bxxxe 182 1$6z01$an 183 1$6z01$anc$2RDAcarrier 200 1 $aˆLa ‰pericolosità sismica$edalla classificazione sismica alla microzonazione dei territori comunali, alla risposta sismica del sito$e(con particolare attenzione alla Campania)$fAntonio Rapolla$gcon la collaorazione di Aybige Akinci ... [et al.] 210 $aNapoli$cLiguori$dc2008 215 $aXVII, 278 p.$d25 cm. 225 | $aGeofisica dell'ambiente e del territorio$v5 225 | $aBS$eBiblioteca scientifica 410 0$1001BVE0040778$12001 $aGeofisica dell'ambiente e del territorio$v5$171202$aUniversità degli studi di Napoli Federico II$3CFIV117012 410 0$1001RAV0306437$12001 $aBS$eBiblioteca scientifica 606 $aSismologia$2FIR$3CFIC014527$9E 606 $aFenomeni sismici$xValutazione$2FIR$3NAPC235824$9I 676 $a551.22$9Terremoti$v14 676 $a551.220287$9$v21 700 1$aRapolla$b, Antonio$3BVEV014633$4070$0442264 702 1$aAkinci$b, Aybige$3GEAV063853 801 3$aIT$bIT-000000$c20161206 850 $aIT-BN0095 $aIT-NA0079 901 $bNAP 01$cDOCENTI $nComprende testi acquistati con fondi assegnati ai docenti del DSGA 901 $bNAP BN$cS.MOD $nLa consegna dei documenti è effettuata dall'Ufficio Distribuzione 901 $bNAP 01$cSALA $n$ 912 $aNAP0427218 950 0$aBiblioteca Centralizzata di Ateneo$b1 v. in due copie$c1 v.$d 01DOCENTI 551.22 RAP.pe$e 0104 0000015915 VMA (0001 1 v.$fB $h20100422$i20100422$d 01SALA 551.22 RAP.pe(bis$e 0104 0000015925 VMA (bis v. 1 (2. copia)$fA $h20100422$i20100422$c1 v.$d 01SALA 551.22 RAP.pe$e 0104 0000013225 VMA 1 v.$fA $h20090709$i20090709 977 $a 01$a BN 996 $aPericolosità sismica$9108353 997 $aUNISANNIO